000 00562nam a2200205 a 4500
001 11151
003 CO-ViMGA
008 141112s2004 ck r 000 u spa d
020 _a8401450829
040 _aCO-ViMGA
_bspa
_cCO-ViMGA
082 0 4 _a220.95 A74g
100 1 _aAsimov, Isaac
_915483
245 1 0 _aGuia de la biblia, antiguo testamento
250 _a10
260 _aBarcelona,
_cPlaza y Jánes Editores,
_c1999
300 _a622 p.
650 1 4 _aBIBLIA - HISTORIA SAGRADA
_915484
650 1 4 _aINTERPRETACION DE LA BIBLIA
_915485
942 _2ddc
_cBK
999 _c22364
_d22364